Datum a čas kvízu
29.5
Celkem bodů
Celkový počet nahraných bodů na tomto kvízu bez doplňovacích otázek.
6.
Pořadí na kvízu
Konečné umístění týmu na tomto kvízu.
Zaznamenané odpovědi
| # | Otázka | Odpověď | Body | Výsledky |
|---|---|---|---|---|
| 1. | Ve středu se uskutečnilo letoš... | Jablonec nad Nisou | 0 | |
| 2. | Farmáři z australského Nového... | borůvka | 1 | |
| 3. | Organizace UNESCO přidala na s... | v Berlíně | 0 | |
| 4. | Některé provozovny jistého řet... | McDonald's | 0 | |
| 5. | Český útočník Patrik Schick se... | Karabach | 0 | |
| 6. | Téma začneme v Evropě. Seřaďte... | 1A 2D 3C 4B | 1 | |
| 7. | V čele kterého ostrovního stát... | Kuba | 0 | |
| 8. | Jak se jmenuje tento živočich... | fosa | 0 | |
| 9. | Kolik ostrovních států se nach... | jeden | 1 | |
| 10. | Jak se jmenuje ostrovní stát,... | Tonga | 0 |